000
00338nam a22001577a 4500
003
SGT
020
_a
9780470961407
082
_a
616.0757
_b
C14S
100
_a
Sarment, David
245
_a
Cone Beam Computed Topography
250
_a
1st
260
_b
Wiley Blackwell
_c
2014
300
_a
279
650
_a
Radiology
942
_2
ddc
_c
BK
999
_c
26814
_d
26814